| 000 | 00483nam a2200169Ia 4500 | ||
|---|---|---|---|
| 003 | GCL | ||
| 008 | 140319s9999 xx 000 0 eng d | ||
| 040 |
_aGCL / _cGCL |
||
| 082 | 0 | 4 |
_a720.92 _bC V |
| 100 | 1 | _aCONSTANTIN OPOULOS,VIAN | |
| 245 | 1 | 0 |
_aVENTURI SCATT BROUN ASSOCIATES:ON HOUSES AND HOUSNG / _cCONSTANTIN OPOULOS,VIAN |
| 260 |
_a[S.N] : _bACADEMY EDITIONS ، _c1992 |
||
| 650 | 0 | 4 | _aHOUESS ARCHTECTAR |
| 650 | 0 | 4 | _aARCHITECTURE |
| 650 | 0 | 4 | _aARCHITECTS |
| 942 |
_2ddc _cBK |
||
| 999 |
_c11984 _d11984 |
||